书目信息 |
| 题名: |
最优控制理论与应用
|
|
| 作者: | 李国勇 编著 | |
| 分册: | ||
| 出版信息: | 北京 国防工业出版社 2008.10 |
|
| 页数: | 246页 | |
| 开本: | 26cm | |
| 丛书名: | ||
| 单 册: | ||
| 中图分类: | O232 | |
| 科图分类: | ||
| 主题词: | 最佳控制--zui jia kong zhi--数学理论 | |
| 电子资源: | ||
| ISBN: | 978-7-118-05894-9 | |
| 000 | 01047nam0 2200241 450 | |
| 001 | 012009253687 | |
| 005 | 20091011082500.78 | |
| 010 | @a978-7-118-05894-9@dCNY29.00 | |
| 100 | @a20091011d2008 em y0chiy0120 ea | |
| 101 | 0 | @achi |
| 102 | @aCN@b110000 | |
| 105 | @aa a 000yy | |
| 106 | @ar | |
| 200 | 1 | @a最优控制理论与应用@Azui you kong zhi li lun yu ying yong@f李国勇编著@Fli guo yong bian zhu |
| 210 | @a北京@c国防工业出版社@d2008.10 | |
| 215 | @a246页@c图@d26cm | |
| 320 | @a有书目 (第245-246页) | |
| 330 | @a本书对最优控制理论及应用进行了较全面的论述。全书共分6章,深入浅出地介绍了最优控制理论的基本知识和基本方法。主要内容包括最优化问题的基本概念、最优控制中的变分法、极大值原理、动态规划、线性二次型最优控制问题和倒立摆系统的最优控制。在每一章都列举了大量的应用实例及利用MATLAB对其实现的方法,使读者在有限的时间内,掌握最优控制的基本原理与应用技术。 | |
| 606 | 0 | @a最佳控制@Azui jia kong zhi@x数学理论 |
| 690 | @aO232@v4 | |
| 701 | 0 | @a李国勇@Ali guo yong@4编著 |
| 801 | 0 | @aCN@bQSSK@c20091011 |
| 905 | @b761476-78@dO232@eL168@f3 | |
| 最优控制理论与应用/李国勇编著.-北京:国防工业出版社,2008.10 |
| 246页:图;26cm |
| ISBN 978-7-118-05894-9:CNY29.00 |
| 本书对最优控制理论及应用进行了较全面的论述。全书共分6章,深入浅出地介绍了最优控制理论的基本知识和基本方法。主要内容包括最优化问题的基本概念、最优控制中的变分法、极大值原理、动态规划、线性二次型最优控制问题和倒立摆系统的最优控制。在每一章都列举了大量的应用实例及利用MATLAB对其实现的方法,使读者在有限的时间内,掌握最优控制的基本原理与应用技术。 |
| ● |
| 相关链接 |
|
|
|
正题名:最优控制理论与应用
索取号:O232/L168
 
预约/预借
| 序号 | 登录号 | 条形码 | 馆藏地/架位号 | 状态 | 备注 |
| 1 | 761476 | 207614768 | 自科库401/401自科库 48排7列1层/ [索取号:O232/L168] | 在馆 | |
| 2 | 761477 | 207614777 | 自科库401/401自科库 48排7列1层/ [索取号:O232/L168] | 在馆 | |
| 3 | 761478 | 207614786 | 自科库401/401自科库 48排7列1层/ [索取号:O232/L168] | 在馆 |